The public papers of Governor Keen Johnson, 1939-1943 /

Bibliographic Details
Main Author: Johnson, Keen, 1896-1970
Corporate Author: Kentucky. Governor (1939-1943 : Johnson)
Other Authors: Ogden, Frederic D.
Format: Book
Language:English
Published: Lexington : University Press of Kentucky, [1982]
Series:Public papers of the governors of Kentucky.
Subjects:

MARC

Tag First Indicator Second Indicator Subfields
LEADER 00000pam a2200000 a 4500
001 in00000076137
005 20151008060437.0
008 810928s1982 kyucf b s00110 eng
010 |a  79057562  
020 |a 0813106052 :  |c $28.00 
035 |a (OCoLC)07875047 
035 |9 AAJ5770AM 
039 0 |a 2  |b 3  |c 3  |d 3  |e 3 
040 |a DLC  |c DLC  |d TXA  |d UtOrBLW 
043 |a n-us-ky 
049 |a TXAM  |c [1196325] 
050 0 0 |a F456  |b .J695 
082 0 |a 353.9769003/5  |2 19 
100 1 |a Johnson, Keen,  |d 1896-1970. 
245 1 4 |a The public papers of Governor Keen Johnson, 1939-1943 /  |c Frederic D. Ogden, editor. 
264 1 |a Lexington :  |b University Press of Kentucky,  |c [1982] 
264 4 |c ©1982 
300 |a xxiv, 590 pages, 1 unnumbered leaf of plate :  |b portrait ;  |c 24 cm. 
336 |a text  |b txt  |2 rdacontent 
337 |a unmediated  |b n  |2 rdamedia 
338 |a volume  |b nc  |2 rdacarrier 
490 1 |a The Public papers of the governors of Kentucky 
500 |a Spine title: Keen Johnson, 1939-1943. 
504 |a Includes bibliographical references and index. 
600 1 0 |a Johnson, Keen,  |d 1896-1970. 
651 0 |a Kentucky  |x Politics and government  |y 1865-1950  |x Sources. 
700 1 |a Ogden, Frederic D. 
710 1 |a Kentucky.  |b Governor (1939-1943 : Johnson) 
740 0 |a Keen Johnson, 1939-1943. 
830 0 |a Public papers of the governors of Kentucky. 
999 |a MARS 
999 f f |s 64a93da9-0030-32f0-9ad4-ac3f2b25b08b  |i 8371978a-d188-304f-ae27-9274bd36e2da  |t 0 
952 f f |p ric  |a Texas A&M University  |b Rellis Campus  |c Joint Library Facility  |d Remote Storage  |t 0  |e F456 .J695  |h Library of Congress classification  |i unmediated -- volume  |m A14806109883 
998 f f |a F456 .J695  |t 0  |l Remote Storage